Common peroneal nerve lesions in monkey and man /
Saved in:
| Main Author: | |
|---|---|
| Format: | Thesis Book |
| Language: | English |
| Published: |
1980.
|
| Subjects: | |
| Tags: |
Add Tag
No Tags, Be the first to tag this record!
|
| LEADER | 01028cam a2200289 a 4500 | ||
|---|---|---|---|
| 001 | u229227 | ||
| 003 | SIRSI | ||
| 008 | 920805s1980 si v 00 1 eng | ||
| 035 | |a ABB-2827 | ||
| 040 | |a UMP | ||
| 096 | |a WL400 |b Myi 1980 | ||
| 100 | 1 | 0 | |a Myint, Kyaw. |
| 245 | 1 | 0 | |a Common peroneal nerve lesions in monkey and man / |c Kyaw Myint. |
| 260 | |c 1980. | ||
| 300 | |a 2 v. (300 leaves) : |b ill. (part col.) ; |c 30 cm. | ||
| 502 | |a Dissertation (M.D.) -- University of Singapore, 1980. | ||
| 504 | |a Bibliography: leaves : 143-162. | ||
| 505 | |a Contents: Pt.1. Text -- Pt.2. Figures. | ||
| 650 | 2 | |a Peroneal Nerve |x physiopathology. | |
| 650 | 2 | |a Nerve Regeneration |x physiology. | |
| 650 | 2 | |a Nerve Endings |x physiopathology. | |
| 650 | 2 | |a Leg Injuries |x physiopathology. | |
| 650 | 2 | |a Macaca. | |
| 948 | |a 05/08/1992 |b 10/10/1995 | ||
| 596 | |a 2 | ||
| 999 | |a WL400 MYI 1980 PT.1 |w LC |c 1 |i A502457363 |l STACKS |m P02MEDKL |r Y |s Y |t TESIS |u 1/10/1995 | ||
| 999 | |a WL400 MYI 1980 PT.2 |w LC |c 1 |i A502457372 |l STACKS |m P02MEDKL |r Y |s Y |t TESIS |u 1/10/1995 | ||
